<?xml version="1.0" encoding="UTF-8"?>
<marc:record xmlns:marc="http://www.loc.gov/MARC21/slim">
   <marc:leader>00000nam a2200000 a 4500</marc:leader>
   <marc:datafield ind1="1" ind2=" " tag="100">
      <marc:subfield code="a">Gienger, Michael</marc:subfield>
      <marc:subfield code="4">aut</marc:subfield>
      <marc:subfield code="e">Verfasser/-in</marc:subfield>
   </marc:datafield>
   <marc:datafield ind1="1" ind2=" " tag="100">
      <marc:subfield code="a">Goebel, Joachim</marc:subfield>
      <marc:subfield code="4">aut</marc:subfield>
      <marc:subfield code="e">Verfasser/-in</marc:subfield>
   </marc:datafield>
   <marc:datafield ind1=" " ind2=" " tag="653">
      <marc:subfield code="a">Edelstein</marc:subfield>
   </marc:datafield>
   <marc:datafield ind1=" " ind2=" " tag="653">
      <marc:subfield code="a">Trinkwasser</marc:subfield>
   </marc:datafield>
   <marc:datafield ind1=" " ind2=" " tag="653">
      <marc:subfield code="a">Naturheilmittel</marc:subfield>
   </marc:datafield>
   <marc:datafield ind1=" " ind2=" " tag="653">
      <marc:subfield code="a">Softcover</marc:subfield>
   </marc:datafield>
   <marc:datafield ind1=" " ind2=" " tag="653">
      <marc:subfield code="a">Karte</marc:subfield>
   </marc:datafield>
   <marc:datafield ind1=" " ind2=" " tag="653">
      <marc:subfield code="a">Anthroposophie / Esoterik</marc:subfield>
   </marc:datafield>
   <marc:datafield ind1=" " ind2=" " tag="653">
      <marc:subfield code="a">Ratgeber</marc:subfield>
   </marc:datafield>
   <marc:datafield ind1="0" ind2="0" tag="245">
      <marc:subfield code="a">Edelsteinwasser</marc:subfield>
   </marc:datafield>
   <marc:datafield ind1="0" ind2="0" tag="245">
      <marc:subfield code="b">Herstellung, Anwendung, Wirkung</marc:subfield>
   </marc:datafield>
   <marc:datafield ind1="0" ind2="0" tag="245">
      <marc:subfield code="c">Michael Gienger ; Joachim Goebel. Mit Fotos von Ines Blersch</marc:subfield>
   </marc:datafield>
   <marc:datafield ind1=" " ind2="1" tag="264">
      <marc:subfield code="a">Saarbrücken</marc:subfield>
      <marc:subfield code="b">Neue Erde</marc:subfield>
      <marc:subfield code="c">2006</marc:subfield>
   </marc:datafield>
   <marc:datafield ind1="1" ind2=" " tag="490">
      <marc:subfield code="a">Edition Cairn Elen</marc:subfield>
   </marc:datafield>
   <marc:datafield ind1="1" ind2=" " tag="520">
      <marc:subfield code="a">Angaben aus der Verlagsmeldung

Edelsteinwasser : Herstellung - Anwendung - Wirkung / von Michael Gienger, Joachim Goebel

Sardonyx-Wasser gegen Tinnitus, Chrysopras-Wasser zur Entgiftung und Entschlackung, Smaragd-Wasser bei Entzündungen, Aquamarin-Wasser bei Allergien… - die Liste der Edelsteinwasser, die heute erfolgreich bei Beschwerden und Erkrankungen eingesetzt werden, ist lang. Die Verwendung von Edelsteinwasser als Trinkwasser oder Heilmittel wirft allerdings auch viele Fragen auf, die wir im vorliegenden Buch beantworten wollen - sofern sie derzeit beantwortbar sind.

Glücklicherweise sind Edelsteinwasser durchaus nichts Neues, ihre Tradition reicht weit in die Antike zurück. Erfahrungen liegen daher reichhaltig vor. Und glücklicherweise können wir dank der modernen Wasserforschung viele dieser Erfahrungen verstehen und erklären. Das macht uns den Zugang und den richtigen Umgang mit Edelsteinwassern leichter. Die Erkenntnis, daß Wasser eine Art »Gedächtnis« besitzt, ist inzwischen weit verbreitet und durch viele Untersuchungen belegt. Wasser als Informationsträger ist nichts Mystisches mehr, sondern vorstellbar und erklärbar. Damit sind auch Edelsteinwasser plötzlich eine greifbare Realität. Zudem wünschen sich viele Menschen ein qualitativ besseres Trinkwasser, und auch da scheinen Edelsteine eine Möglichkeit zur Wasserbehandlung zu sein.
</marc:subfield>
   </marc:datafield>
   <marc:datafield ind1=" " ind2=" " tag="020">
      <marc:subfield code="a">9783890602417</marc:subfield>
      <marc:subfield code="9">9783890602417</marc:subfield>
   </marc:datafield>
   <marc:datafield ind1=" " ind2=" " tag="020">
      <marc:subfield code="a">389060241X</marc:subfield>
      <marc:subfield code="9">389060241X</marc:subfield>
   </marc:datafield>
   <marc:datafield ind1=" " ind2=" " tag="041">
      <marc:subfield code="a">ger</marc:subfield>
   </marc:datafield>
   <marc:datafield ind1=" " ind2=" " tag="300">
      <marc:subfield code="a">188 S.</marc:subfield>
   </marc:datafield>
</marc:record>
